Social change and sustainable transport

Αποθηκεύτηκε σε:
Λεπτομέρειες βιβλιογραφικής εγγραφής
Άλλοι συγγραφείς: Black, William R. (William Richard) 1942- (Επιμελητής έκδοσης), Nijkamp, Peter (Επιμελητής έκδοσης)
Μορφή: Βιβλίο
Γλώσσα:English
Δημοσίευση: Bloomington, Indiana, USA : Indiana Universtity Press, c2002
Θέματα:
Ετικέτες: Προσθήκη ετικέτας
Δεν υπάρχουν, Καταχωρήστε ετικέτα πρώτοι!

MARC

LEADER 00000nam a2200000 i 4500
001 1/73874
008 050321s2002 eng d
020 |a 0-253-34067-5 (hbk.) 
035 |l 10077213 
040 |a GR-MY-UA  |b gre  |e aacr 
041 0 |a eng 
082 0 |a 388  |2 (21) 
245 1 0 |a Social change and sustainable transport /  |c edited by William R. Black and Peter Nijkamp 
260 |a Bloomington, Indiana, USA :   |b Indiana Universtity Press,   |c c2002 
300 |a xiii, 306 σ.;  |b πίν.;  |c 29 εκ. 
504 |a Περιλαμβάνει βιβλιογραφικές αναφορές και ευρετήριο 
650 0 0 |a Transportation  |x Social aspects  |z Europe  |x Congresses. 
650 0 0 |a Transportation  |x Environmental aspects  |z Europe  |x Congresses. 
650 0 0 |a Social change  |z Europe  |x Congresses. 
700 1 |a Black, William R.  |q (William Richard)  |d 1942-  |4 edt 
700 1 |a Nijkamp, Peter.  |4 edt 
852 |a INST  |b CHIOS  |e 20050321  |h 388 SOC  |p 005200024942  |q 005200024942  |t BK  |y 0 
901 |a BIBL2-2005-2 
909 |a Χ  |b 116403 
922 |a 2ΕΛΗ  |b 200410  |c ΤΔΕ  |d ΜΙΧΑΛΟΠΟΥΛΟΣ 
950 |a 112-2004-09-16 
970 |a ΣΑΛΑΜΟΥΡΑ  |b ΜΑΡΙΑ  |z 2005/05/16